000 01446cam a2200349 a 4500
001 EDZ0000104781
003 StDuBDS
005 20161031105204.0
006 m||||||||d||||||||
007 cr |||||||||||
008 121017s2011 ii fo| 001|0|eng d
020 _a9781446270295 (ebook) :
_cNo price
040 _aStDuBDS
_beng
_cStDuBDS
_epn
049 _aAlfaisal Main Library
050 0 _aHM477.I4
_bM33 2011
082 0 4 _a301.0954
_223
100 1 _aMadan, T. N.
245 1 0 _aSociological traditions
_h[electronic resource] :
_bmethods and perspectives in the sociology of India /
_cT.N. Madan.
260 _aNew Delhi ;
_aLondon :
_bSAGE,
_cc2011.
300 _a1 online resource (xxi, 306 p.)
520 8 _aThis title looks at the sociology of India from two perspectives: first, understanding the cultural traditions of India with special reference to religious and ethical values and second, exploring the growth of the sociological traditions of India.
521 _aSpecialized.
588 _aDescription based on print version record.
504 _aIncludes bibliographical references and index.
650 0 _aSociology
_zIndia.
650 0 _aReligion and sociology
_zIndia.
655 7 _aElectronic books.
_2local
710 2 _aSage eBooks
776 0 8 _iPrint version :
_z9788132105756
856 4 0 _uhttp://ezproxy.alfaisal.edu/login?url=http://sk.sagepub.com/books/sociological-traditions
942 _2lcc
_cEBOOKS
999 _c481274
_d481274